A stroke thrombolítikus kezelése szegedi tapasztalatok /

Elmentve itt :
Bibliográfiai részletek
Szerzők: Dézsi Livia
Molnár Anna
Sztriha László Krisztián
Ágoston Zsuzsanna
Sas Katalin
Vécsei László
Vimláti László
Dokumentumtípus: Cikk
Megjelent: 2008
Sorozat:MOTESZ MAGAZIN 2
Tárgyszavak:
mtmt:1419674
Online Access:http://publicatio.bibl.u-szeged.hu/30419
LEADER 00851nab a2200265 i 4500
001 publ30419
005 20241110155831.0
008 241110s2008 hu o 000 hun d
022 |a 1216-7533 
024 7 |a 1419674  |2 mtmt 
040 |a SZTE Publicatio Repozitórium  |b hun 
041 |a hun 
100 1 |a Dézsi Livia 
245 1 2 |a A stroke thrombolítikus kezelése  |h [elektronikus dokumentum] :  |b szegedi tapasztalatok /  |c  Dézsi Livia 
260 |c 2008 
300 |a 25-32 
490 0 |a MOTESZ MAGAZIN  |v 2 
650 4 |a Klinikai orvostan 
700 0 1 |a Molnár Anna  |e aut 
700 0 1 |a Sztriha László Krisztián  |e aut 
700 0 1 |a Ágoston Zsuzsanna  |e aut 
700 0 1 |a Sas Katalin  |e aut 
700 0 1 |a Vécsei László  |e aut 
700 0 1 |a Vimláti László  |e aut 
856 4 0 |u http://publicatio.bibl.u-szeged.hu/30419/1/aok_klny_457_08.pdf  |z Dokumentum-elérés